Jövőre már a harmadik téli olimpiáján indulna Kónya Zsófia

Elmentve itt :
Bibliográfiai részletek
Szerző: Lévai Ferenc
Dokumentumtípus: Cikk
Megjelent: 2021-03-25
Sorozat:SZTE Info
Kulcsszavak:Egyetemi hallgató - Kónya Zsófia - válogatott rövidpályás gyorskorcsolyázó, Sport - gyorskorcsolyázás, Szegedi Korcsolyázó Egyesület
Online Access:http://univ.bibl.u-szeged.hu/57950
LEADER 00847nab a2200169 i 4500
001 univ57950
005 20210326135946.0
008 210326s2021 hu o 0|| zxx d
040 |a SZTE UnivHistória Repozitórium  |b hun 
041 |a zxx 
100 1 |a Lévai Ferenc 
245 1 0 |a Jövőre már a harmadik téli olimpiáján indulna Kónya Zsófia  |h [elektronikus dokumentum] /  |c  Lévai Ferenc 
260 |c 2021-03-25 
490 0 |a SZTE Info 
561 |a Egyetemi hirarchívum 
695 |a Egyetemi hallgató - Kónya Zsófia - válogatott rövidpályás gyorskorcsolyázó, Sport - gyorskorcsolyázás, Szegedi Korcsolyázó Egyesület 
856 4 0 |u http://univ.bibl.u-szeged.hu/57950/1/Szegedi%20Tudom%C3%A1nyegyetem%20_%20J%C3%B6v%C5%91re%20m%C3%A1r%20a%20harmadik%20t%C3%A9li%20olimpi%C3%A1j%C3%A1n%20indulna%20K%C3%B3nya%20Zs%C3%B3fia.pdf  |z Dokumentum-elérés